[Event "Olympiad-41"]
[Site "Tromsoe"]
[Date "2014.08.04"]
[Round "3.2"]
[White "Stevic, Hrvoje"]
[Black "Radjabov, Teimour"]
[Result "1/2-1/2"]
[WhiteElo "2606"]
[BlackElo "2724"]
[PlyCount "116"]
[EventDate "2014.08.02"]
[EventType "team-swiss"]
[EventRounds "11"]
[EventCountry "NOR"]
[SourceTitle "CBM 162"]
[Source "ChessBase"]
[SourceDate "2014.09.17"]
[SourceVersion "1"]
[SourceVersionDate "2014.09.17"]
[SourceQuality "1"]
[WhiteTeam "Croatia"]
[BlackTeam "Azerbaijan"]
[WhiteTeamCountry "CRO"]
[BlackTeamCountry "AZE"]

1. e4 e5 2. Nf3 Nc6 3. Nc3 Nf6 4. d4 exd4 5. Nxd4 Bb4 6. Nxc6 bxc6 7. Bd3 O-O
8. O-O d5 9. exd5 cxd5 10. h3 c6 11. Qf3 Re8 12. Bf4 Bd6 13. Rfe1 Be6 14. Ne2
Bxf4 15. Nxf4 Qb6 16. b3 Bd7 17. Nh5 Nxh5 18. Qxh5 g6 19. Qh4 c5 20. Qg5 Qd6
21. Rad1 Bc6 22. Qd2 Bb7 23. Rxe8+ Rxe8 24. Re1 Rxe1+ 25. Qxe1 d4 26. f3 Kg7
27. Qe8 Bd5 28. Qa4 Qc7 29. Bc4 Bc6 30. Bb5 Ba8 31. Bc4 g5 32. Qe8 Bc6 33. Qe1
h6 34. Kf2 h5 35. Kg1 Qf4 36. Bd3 Bd7 37. Qe2 Qe3+ 38. Qxe3 dxe3 39. Kf1 f5 40.
g3 f4 41. g4 Kf6 42. Ke2 h4 43. Kd1 a5 44. c3 a4 45. Bf1 Bc6 46. Be2 Ke5 47.
Kc2 c4 48. Kb2 Kd6 49. b4 Kc7 50. a3 Kb6 51. Kc1 Kb5 52. Kd1 Be8 53. Ke1 Bg6
54. Bd1 Bd3 55. Be2 Kb6 56. Bd1 Kb5 57. Be2 Kb6 58. Bd1 Kb5 1/2-1/2

[Event "Olympiad-41"]
[Site "Tromsoe"]
[Date "2014.08.05"]
[Round "4.2"]
[White "Radjabov, Teimour"]
[Black "Bacrot, Etienne"]
[Result "1/2-1/2"]
[WhiteElo "2724"]
[BlackElo "2720"]
[PlyCount "64"]
[EventDate "2014.08.02"]
[EventType "team-swiss"]
[EventRounds "11"]
[EventCountry "NOR"]
[SourceTitle "CBM 162"]
[Source "ChessBase"]
[SourceDate "2014.09.17"]
[SourceVersion "1"]
[SourceVersionDate "2014.09.17"]
[SourceQuality "1"]
[WhiteTeam "Azerbaijan"]
[BlackTeam "France"]
[WhiteTeamCountry "AZE"]
[BlackTeamCountry "FRA"]

1. d4 Nf6 2. c4 g6 3. Nf3 Bg7 4. g3 c5 5. Bg2 cxd4 6. Nxd4 O-O 7. Nc3 Nc6 8.
O-O Qa5 9. e3 d6 10. Bd2 Qa6 11. b3 Bg4 12. Qe1 Rac8 13. h3 Bd7 14. Qe2 Rfd8
15. Rfe1 e6 16. Rac1 d5 17. cxd5 Qxe2 18. Rxe2 Nxd4 19. exd4 Nxd5 20. Nxd5 exd5
21. Bxd5 Bxd4 22. Rxc8 Bxc8 23. Bh6 Bc5 24. Rd2 Be7 25. h4 b6 26. Rc2 Bf5 27.
Rc7 Rd7 28. Rxd7 Bxd7 29. a4 Bf8 30. Bf4 Bc5 31. Bh6 Bf8 32. Bf4 Bc5 1/2-1/2

[Event "Olympiad-41"]
[Site "Tromsoe"]
[Date "2014.08.06"]
[Round "5.1"]
[White "Perunovic, Milos"]
[Black "Radjabov, Teimour"]
[Result "1-0"]
[WhiteElo "2602"]
[BlackElo "2724"]
[Annotator "Marjanovic,S"]
[PlyCount "63"]
[EventDate "2014.08.02"]
[EventType "team-swiss"]
[EventRounds "11"]
[EventCountry "NOR"]
[SourceTitle "CBM 162"]
[Source "ChessBase"]
[SourceDate "2014.09.17"]
[SourceVersion "1"]
[SourceVersionDate "2014.09.17"]
[SourceQuality "1"]
[WhiteTeam "Serbia"]
[BlackTeam "Azerbaijan"]
[WhiteTeamCountry "SRB"]
[BlackTeamCountry "AZE"]

1. e4 e5 2. Nf3 Nc6 3. Bb5 f5 4. d3 {The new main line. In the past 4.Nc3 was
required.} fxe4 5. dxe4 Nf6 6. O-O ({Moves played less often are} 6. Qd3 {
(Caruana,Karjakin)}) (6. Qe2 {(Short)}) (6. Bg5 {(Ivanchuk)}) ({and} 6. Nc3 {
(Vachier Lagrave)}) ({while} 6. Be3 $5 {was an interesting attempt by Gashimov.
}) 6... d6 {With the desire to avoid home preparation.} ({Until this game
Teimour had played the more common} 6... Bc5) 7. Nc3 Be7 8. Be3 $5 {A rare
continuation, played once by Sutovsky. Usually White has played 8.Qd3, while 8.
a3 (Svidler) or 8.Bc4 (Vachier Lagrave) deserve attention.} a6 $146 {A novelty}
({If} 8... O-O 9. Bc4+ (9. Qd3 Kh8 10. a3 Qe8) (9. h3 $5) 9... Kh8 10. Ng5 Qe8
11. Ne6 Na5 (11... Qf7 12. Nxc7 Qxc4 13. Nxa8 $14) 12. Bb5 (12. Nxc7 Qd7 13.
Nxa8 Nxc4 {is not clear}) 12... c6 13. Nc7 $14 {with a slight advantage}) 9.
Be2 (9. Bc4 Na5 10. Be2 O-O 11. Qd3 $14) 9... Bg4 (9... Be6 10. Ng5 Bg8 11. f4
$14) (9... Ng4 10. Qd5 $5 $14) 10. h3 Bh5 (10... Be6 11. Ng5 Bg8 12. Nd5 $14)
11. Ng5 (11. Nxe5 Bxe2 12. Nxc6 Bxd1 13. Nxd8 Bxc2 14. Ne6 Kd7 15. Nxc7 Kxc7
16. Rac1 Bxe4 17. Nxe4+ Kd7 18. Nc3 $14 {Perunovic}) 11... Bxe2 12. Qxe2 Qd7
13. Qc4 Nd8 14. f4 exf4 15. Bxf4 $14 {White stands slightly better} Qc6 (15...
h6 16. Nf3 Ne6 17. Be3 $14) 16. Qd3 (16. Qxc6+ bxc6 17. e5 Nh5 18. exd6 cxd6
19. Bd2 $14) 16... h6 17. Nf3 Ne6 18. Be3 O-O (18... O-O-O 19. b4 (19. Nd5 Rde8
20. b4 $14) 19... d5 (19... Kb8 20. a4) 20. Ne5 Qe8 21. Nxd5 Bd6 22. Nc4 Bxb4
23. Rab1 Bc5 24. Kh1 $16) (18... Nc5 19. Bxc5 Qxc5+ 20. Nd4 O-O-O 21. Kh1 $14)
19. Nh4 Nc5 $2 {A mistake. Black overlooked the following intermediate move.} (
{It was better to play} 19... Qe8 20. Nf5 Bd8 $14) ({or} 19... Bd8 20. Ng6 Re8
21. Rf5 $14) 20. Ng6 $1 Rf7 21. Qc4 Re8 (21... Bf8 22. e5 d5 23. Qe2 $18) 22.
e5 (22. Nh8 $1 Kxh8 23. Qxf7 {wins an exchange.}) 22... dxe5 $4 {A blunder.} ({
A better try was} 22... b5 $1 23. Qf4 (23. Qd4 $14) (23. Qe2 $14) 23... Bd8 24.
Rae1 (24. Qf5 b4 25. Nd1 Re6 $1 26. Bxc5 Qxc5+ 27. Rf2 Re8 28. e6 $14) 24...
Nce4 25. Bd4 (25. exf6 Rxf6 26. Qg4 h5 $11) 25... Qc4 26. Nxe4 dxe5 27. Nxe5
Qxd4+ 28. Kh1 Rxe5 (28... Qxe5 29. Nxf6+ Bxf6 30. Rxe5 Rxe5 31. Qf3 $16) 29.
Nxf6+ Bxf6 30. Qxd4 Rxe1 31. Qf2 Rxf1+ 32. Qxf1 Bxb2 33. Qe2 {or 33.Qd3 and
White has a small advantage in this endgame.}) 23. Nxe7+ $1 (23. Qxf7+ {
also wins:} Kxf7 24. Nxe5+) 23... Rexe7 24. Qxc5 $18 {White has a decisive
advantage.} Qe6 25. Rad1 Kh7 26. Nd5 (26. Qb4) 26... Ne4 27. Qc4 (27. Qb4 $1
Ng3 28. Nxe7 Nxf1 29. Qe4+ $18) 27... Ng3 28. Rxf7 Rxf7 29. Bf2 Nf5 30. Ne3 Qg6
31. Nxf5 Qxf5 32. Bg3 1-0

[Event "Olympiad-41"]
[Site "Tromsoe"]
[Date "2014.08.08"]
[Round "6.2"]
[White "Mchedlishvili, Mikheil"]
[Black "Radjabov, Teimour"]
[Result "1/2-1/2"]
[WhiteElo "2618"]
[BlackElo "2724"]
[PlyCount "62"]
[EventDate "2014.08.02"]
[EventType "team-swiss"]
[EventRounds "11"]
[EventCountry "NOR"]
[SourceTitle "CBM 162"]
[Source "ChessBase"]
[SourceDate "2014.09.17"]
[SourceVersion "1"]
[SourceVersionDate "2014.09.17"]
[SourceQuality "1"]
[WhiteTeam "Georgia"]
[BlackTeam "Azerbaijan"]
[WhiteTeamCountry "GEO"]
[BlackTeamCountry "AZE"]

1. d4 d5 2. Nf3 Nf6 3. c4 c6 4. e3 g6 5. Nc3 Bg7 6. cxd5 cxd5 7. Bb5+ Nc6 8.
Ne5 O-O 9. Nxc6 bxc6 10. Bxc6 Rb8 11. Bb5 e5 12. Be2 Ne4 13. O-O Be6 14. Na4
exd4 15. exd4 Rb4 16. Be3 Bd7 17. Nc3 Rxb2 18. Qc1 Qb8 19. Nxe4 dxe4 20. Rb1
Rxb1 21. Qxb1 Qxb1 22. Rxb1 Be6 23. Rb7 Bxa2 24. Rxa7 Be6 25. f3 Rd8 26. Ra4
Bd7 27. Rb4 Bc6 28. fxe4 Bxe4 29. Kf2 Bf8 30. Rb2 Bg7 31. Rb4 Bf8 1/2-1/2

[Event "Olympiad-41"]
[Site "Tromsoe"]
[Date "2014.08.09"]
[Round "7.2"]
[White "Radjabov, Teimour"]
[Black "Bruzon Batista, Lazaro"]
[Result "1-0"]
[WhiteElo "2724"]
[BlackElo "2664"]
[PlyCount "113"]
[EventDate "2014.08.02"]
[EventType "team-swiss"]
[EventRounds "11"]
[EventCountry "NOR"]
[SourceTitle "CBM 162"]
[Source "ChessBase"]
[SourceDate "2014.09.17"]
[SourceVersion "1"]
[SourceVersionDate "2014.09.17"]
[SourceQuality "1"]
[WhiteTeam "Azerbaijan"]
[BlackTeam "Cuba"]
[WhiteTeamCountry "AZE"]
[BlackTeamCountry "CUB"]

1. d4 Nf6 2. c4 e6 3. g3 Bb4+ 4. Bd2 Bxd2+ 5. Qxd2 d5 6. Bg2 c6 7. Nf3 Nbd7 8.
O-O b6 9. Ne5 Bb7 10. Nc3 O-O 11. Rac1 Qe7 12. cxd5 cxd5 13. Nb5 a6 14. Rc7
Rab8 15. Rxb7 Rxb7 16. Nc6 Qe8 17. Nd6 Qa8 18. Rc1 Nb8 19. Nxb7 Qxb7 20. Qc3
Nxc6 21. Qxc6 Qxc6 22. Rxc6 Rb8 23. f3 Kf8 24. e4 dxe4 25. fxe4 Rd8 26. d5 exd5
27. exd5 Nxd5 28. Bxd5 Rxd5 29. Rxb6 Rd2 30. a4 g5 31. b4 Rb2 32. g4 Kg7 33. a5
f6 34. h3 Kg6 35. Kf1 h5 36. gxh5+ Kxh5 37. Rxf6 Rxb4 38. Rxa6 Rb1+ 39. Ke2
Rb2+ 40. Kd1 Ra2 41. Kc1 Ra3 42. Ra8 Kg6 43. a6 Kg7 44. Kb2 Ra5 45. Kb3 Ra1 46.
Kb4 Rb1+ 47. Kc5 Rc1+ 48. Kb6 Rb1+ 49. Ka7 Rb3 50. Rb8 Rxh3 51. Rb5 Kf6 52. Kb6
g4 53. a7 Rh8 54. Kb7 Rh7+ 55. Ka6 Rh8 56. Rb8 Rh1 57. Rb6+ 1-0

[Event "Olympiad-41"]
[Site "Tromsoe"]
[Date "2014.08.11"]
[Round "9.2"]
[White "Parligras, Mircea Emilian"]
[Black "Radjabov, Teimour"]
[Result "1/2-1/2"]
[WhiteElo "2574"]
[BlackElo "2724"]
[PlyCount "81"]
[EventDate "2014.08.02"]
[EventType "team-swiss"]
[EventRounds "11"]
[EventCountry "NOR"]
[SourceTitle "CBM 162"]
[Source "ChessBase"]
[SourceDate "2014.09.17"]
[SourceVersion "1"]
[SourceVersionDate "2014.09.17"]
[SourceQuality "1"]
[WhiteTeam "Romania"]
[BlackTeam "Azerbaijan"]
[WhiteTeamCountry "ROU"]
[BlackTeamCountry "AZE"]

1. d4 Nf6 2. c4 g6 3. Nc3 d5 4. cxd5 Nxd5 5. Bd2 Nb6 6. e3 Bg7 7. f4 c5 8. dxc5
N6d7 9. Ne4 Bxb2 10. Rb1 Bg7 11. Nf3 O-O 12. Qc2 Nf6 13. Bd3 Nc6 14. O-O Qc7
15. Nxf6+ Bxf6 16. Be4 Bd7 17. Bc3 Rac8 18. Rfd1 Bxc3 19. Qxc3 Rfd8 20. Ne5 Be8
21. Bxc6 Bxc6 22. Nxc6 Qxc6 23. Qe5 Rxd1+ 24. Rxd1 Qc7 25. Qc3 f6 26. Rd5 Kg7
27. Qd4 Qc6 28. h3 Rc7 29. Kh2 b6 30. cxb6 Qxb6 31. Qxb6 axb6 32. Kg3 Ra7 33.
Rb5 Ra6 34. a4 Kf7 35. Rb4 Ke6 36. Rd4 Ra5 37. Rb4 Ra6 38. Rd4 Ra5 39. Rb4 Ra6
40. Rd4 Ra5 41. Rb4 1/2-1/2

[Event "Olympiad-41"]
[Site "Tromsoe"]
[Date "2014.08.12"]
[Round "10.2"]
[White "Radjabov, Teimour"]
[Black "Ponomariov, Ruslan"]
[Result "1/2-1/2"]
[WhiteElo "2724"]
[BlackElo "2717"]
[PlyCount "68"]
[EventDate "2014.08.02"]
[EventType "team-swiss"]
[EventRounds "11"]
[EventCountry "NOR"]
[SourceTitle "CBM 162"]
[Source "ChessBase"]
[SourceDate "2014.09.17"]
[SourceVersion "1"]
[SourceVersionDate "2014.09.17"]
[SourceQuality "1"]
[WhiteTeam "Azerbaijan"]
[BlackTeam "Ukraine"]
[WhiteTeamCountry "AZE"]
[BlackTeamCountry "UKR"]

1. d4 d5 2. c4 e6 3. Nf3 c6 4. Qc2 Nf6 5. g3 dxc4 6. Qxc4 b5 7. Qc2 Bb7 8. Bg2
Nbd7 9. a4 c5 10. O-O b4 11. Bg5 Rc8 12. Nbd2 Be7 13. Rfc1 h6 14. Bxf6 Nxf6 15.
Qd3 O-O 16. Ne5 Bxg2 17. Kxg2 Qd5+ 18. Ndf3 cxd4 19. Qb5 Qe4 20. Nc6 Nd5 21.
Nxe7+ Nxe7 22. Rxc8 Nxc8 23. Rd1 Nd6 24. Qe5 Qxe5 25. Nxe5 f6 26. Ng6 Rb8 27.
Rxd4 Rb6 28. a5 Ra6 29. Rxb4 Rxa5 30. Rb8+ Kf7 31. Nh8+ Ke7 32. Ng6+ Kf7 33.
Nh8+ Ke7 34. Ng6+ Kf7 1/2-1/2

[Event "Olympiad-41"]
[Site "Tromsoe"]
[Date "2014.08.14"]
[Round "11.2"]
[White "Kamsky, Gata"]
[Black "Radjabov, Teimour"]
[Result "1/2-1/2"]
[WhiteElo "2706"]
[BlackElo "2724"]
[PlyCount "68"]
[EventDate "2014.08.02"]
[EventType "team-swiss"]
[EventRounds "11"]
[EventCountry "NOR"]
[SourceTitle "CBM 162"]
[Source "ChessBase"]
[SourceDate "2014.09.17"]
[SourceVersion "1"]
[SourceVersionDate "2014.09.17"]
[SourceQuality "1"]
[WhiteTeam "US of America"]
[BlackTeam "Azerbaijan"]
[WhiteTeamCountry "USA"]
[BlackTeamCountry "AZE"]

1. d4 Nf6 2. c4 g6 3. g3 c6 4. Nf3 Bg7 5. Bg2 d5 6. O-O O-O 7. Qa4 Be6 8. Ng5
Bf5 9. Nc3 h6 10. Nf3 Qb6 11. h3 Na6 12. cxd5 cxd5 13. a3 Rac8 14. Ne5 Rfd8 15.
g4 Be4 16. Nxe4 dxe4 17. e3 Nd5 18. Nc4 Qc7 19. Na5 f5 20. Bd2 Qc2 21. Qxc2
Rxc2 22. Rfd1 b6 23. Bf1 bxa5 24. Bxa6 Rb8 25. Rac1 Rbxb2 26. Rxc2 Rxc2 27.
Bxa5 f4 28. Bb7 Nc3 29. Bxc3 Rxc3 30. Re1 Rxa3 31. Bxe4 g5 32. Bd5+ Kf8 33. Kf1
fxe3 34. fxe3 e5 1/2-1/2

[Event "Baku FIDE GP"]
[Site "Baku"]
[Date "2014.10.03"]
[Round "2"]
[White "Kasimdzhanov, Rustam"]
[Black "Radjabov, Teimour"]
[Result "1/2-1/2"]
[WhiteElo "2706"]
[BlackElo "2726"]
[Annotator "Marin,M"]
[PlyCount "83"]
[EventDate "2014.10.02"]
[EventType "tourn"]
[EventRounds "11"]
[EventCountry "AZE"]
[EventCategory "21"]
[SourceTitle "CBM 163"]
[Source "ChessBase"]
[SourceDate "2014.11.11"]
[SourceVersion "1"]
[SourceVersionDate "2014.11.11"]
[SourceQuality "1"]

1. e4 e5 2. Nf3 Nc6 3. Bb5 Nf6 4. O-O Nxe4 5. d4 Nd6 6. Bxc6 dxc6 7. dxe5 Nf5
8. Qxd8+ Kxd8 9. h3 Bd7 10. Rd1 Be7 11. g4 Nh4 12. Nxh4 Bxh4 13. Nd2 Kc8 14.
Nf3 Be7 15. Rd3 b5 $146 {From the structural point of view, a unusual move,
but Black had some concrete ideas in mind.} ({The more natural} 15... c5 {
has the drawbacks of taking the c5-square away from the bishop, allowing its
exchange with} 16. Bg5 {as in the recent game Caruana,F (2801)-Negi,P (2645)
Tromso 2014 CBM 162 [Marin,M] (1-0, 57)}) 16. Bg5 Bc5 17. Be3 {White insists
with his idea, but Black's novelty allows Black to maintain the coherence of
his play.} Bb6 (17... Be7 $6 {would offer White a developing tempo for free.})
18. Ng5 {This knight incursion is typical for the Berlin Defence, but in this
position it is has more venom than usual.} h6 {The most common way of
answering the attack against f7. In most cases, the knight is trapped
somewhere deep in Black's territory.} ({The alternative is not too appealing:} 
18... Be6 19. Nxe6 fxe6 20. Rad1 Bxe3 21. Rxe3 Rd8 {This ending may be
defensible, but it is not too pleasant to play it with Black.}) 19. Nxf7 Rf8
20. Nd8 $3 {[%cal Ge5e6,Ge6e7] The hidden point behind the knight incursion.
Amazingly, the knight is not easy to get.} Bxe3 (20... Kxd8 21. e6 Bxe3 22.
Rxd7+ Ke8 23. fxe3 $16) (20... Rxd8 21. Rad1 Bxe3 22. fxe3 {[%cal Ge5e6]} Re8
23. Rxd7 Rxe5 24. Rxg7 Rxe3 25. Rdd7 $16) 21. fxe3 Bxg4 $5 {The only way of
avoiding the aforementioned endings.} 22. Rf1 {After this move the game will
enter an approximately equal rook ending.} ({White could have tried} 22. Nxc6
Bxh3 23. a4 $14 {Pawns are equal and in the long run Black's connected passers
could become dangerous. However, for the time being White has a strong
queenside initiative.}) 22... Rxf1+ 23. Kxf1 Bxh3+ 24. Kf2 Bd7 {After it has
completed its kamikaze mission, the bishop retreats in order to restart the
fight against the knight.} 25. e6 ({The knight would not have a future after} 
25. Nf7 {Black could choose between a whole series of useful moves, my
favourite being} c5 $5) 25... Kxd8 ({Black should not avoid the rook ending
either. If} 25... Be8 $2 26. e7 $18 {the king cannot free the rook since ...
Kb7 is impossible. The immediate threat is Ne6 followed by Rd8, which is not
parried by} Bd7 27. Ne6 $1) 26. Rxd7+ Ke8 27. Rxg7 Rd8 28. Rxc7 {Starting the
mutual pawn massacre.} (28. Ke2 Rd6 $11) 28... Rd2+ 29. Kf3 Rxc2 30. Rxa7 Rxb2
31. Kf4 Rb4+ 32. Ke5 {With the pawn on e5 still, White would have had
excellent winning chances based on the king's intrusion to e6, but the way it
is he cannot make headaway in the centre.} Ra4 33. Rc7 Rxa2 34. Rc8+ Ke7 35.
Rc7+ Ke8 36. Rxc6 h5 37. Rc8+ Ke7 38. Rc7+ Ke8 39. Rc8+ Ke7 40. Rc7+ Ke8 41. e4
b4 42. Rb7 1/2-1/2

[Event "Baku FIDE GP"]
[Site "Baku"]
[Date "2014.10.04"]
[Round "3"]
[White "Radjabov, Teimour"]
[Black "Svidler, Peter"]
[Result "1/2-1/2"]
[WhiteElo "2726"]
[BlackElo "2732"]
[Annotator "Marin,M"]
[PlyCount "61"]
[EventDate "2014.10.02"]
[EventType "tourn"]
[EventRounds "11"]
[EventCountry "AZE"]
[EventCategory "21"]
[SourceTitle "CBM 163"]
[Source "ChessBase"]
[SourceDate "2014.11.11"]
[SourceVersion "1"]
[SourceVersionDate "2014.11.11"]
[SourceQuality "1"]

1. Nf3 Nf6 2. c4 c5 3. d4 cxd4 4. Nxd4 e6 5. Nc3 a6 {This used to be a main
branch of my repertoire. I mainly aimed to get a hedgehog type of position,
but as we will see Black can think differently.} 6. a3 {Hoping to reach a
Paulsen Hedgehog with e2-e4.} (6. e4 {would transpose to the Paulsen
immediately, but White needs to be prepared against} Bb4 {Hansen,E (2593)
-Smirin,I (2656) Tromso ol (Men) 41st 2014 (6.2) 1-0 See for instance the
extensive notes to the recent}) (6. g3 {is an important alternative, but it
seems to offer White very little after} Qc7 7. Bg2 ({There are no recent
examples with} 7. Qd3 Nc6 8. Nxc6 Qxc6 9. e4 b6 10. Bg2 Bb7 {meaning that the
old assessment of the position as comfortable for Black has not been shaken -
yet.}) 7... Qxc4 {Black can bravely take the pawn. The most notable example is
that of a former World Champion:} 8. Be3 Qc7 9. Rc1 Nc6 10. O-O Be7 11. Na4 O-O
12. Nb6 Rb8 13. Qa4 Re8 14. Rc3 Bf8 15. Rd1 h6 16. a3 Qxb6 17. Nxc6 Qxb2 18.
Rc2 bxc6 19. Rxb2 Rxb2 {Papaioannou,I (2606)-Kramnik,V (2797) Istanbul 2012 (1/
2-1/2, 30)}) 6... d5 $5 {A relatively rare move.} ({Most games transpose to a
Paulsen without ...Bb4 after} 6... Qc7 7. e4 {The modest move a2-a3 will prove
useful later when White will play b2-b4, without fearing that ...d6-d5 would
leave the b4-pawn hanging. The move played in the game is similar to the by
far more popular 5...d5 (one move earlier). As we will see, the insertion of
the moves ...a7-a6 and a2-a3 allows Black to become ambitious in the centre.})
7. cxd5 {This is the standard reaction.} (7. Bf4 Be7 (7... dxc4 {may be more
challenging.} 8. e3 Nbd7 {[%cal Ge6e5,Gb7b5]} 9. Qa4 Bc5 $132) 8. e3 O-O 9. Rc1
Nbd7 10. Bg3 Nb6 11. cxd5 Nbxd5 12. Bd3 Nxc3 13. Rxc3 Nd5 14. Rc2 {White's
position is a bit more pleasant, Stojanovic,M (2584)-Barlov,D (2471)
Kragujevac 2009 (1/2-1/2, 30)}) 7... Nxd5 8. Bd2 {This is an approved move in
the 5...d5 line. White hopes for an exchange on c3, activating his bishop.} e5
$5 $146 {It is here that we can notice the differences induced by the moves ...
a7-a6 and a2-a3. In the 5...d5 line, 7...e5 would allow 8.Ndb5 with pressure
on the weakened d5-square.} (8... Be7 {looks a bit passsive, but should be
playable.} 9. e3 e5 $6 {After the insertion of 8...Be7 and 9.e3, this pawn
advance is less convincing.} (9... O-O $5 {looks safer.}) 10. Nxd5 Qxd5 11. Qc2
$1 exd4 (11... O-O 12. Nf3 $36 {[%cal Gf1c4]}) ({The drawback of having
developed the bishop before playing ...e6-e5 is felt after} 11... Nd7 12. Nf5
$36) 12. Qxc8+ Bd8 13. Qc4 Qxc4 14. Bxc4 dxe3 15. Bxe3 Bf6 16. O-O-O $14 {
With a pleasant ending for White due to his active bishop pair, Dizdarevic,E 
(2509)-Berebora,F (2397) Sibenik 2005 (1-0, 66)}) (8... Nf6 {is a good solid
move:} 9. Bg5 Be7 10. e3 O-O 11. Bd3 h6 12. Bh4 Nd5 (12... b5 $11 {looks
simpler}) 13. Bxe7 Nxe7 14. Qh5 Nbc6 15. Nxc6 Nxc6 16. Rd1 {With just slightly
more pleasant play for White, Borgo,G (2420)-Caruana,F (2474) Cremona 2006 
(0-1, 33)}) (8... Bc5 {is active, but demands accuracy in the next phase.} 9.
Nb3 Ba7 10. Nxd5 Qxd5 {This is a bit too provocative - the queen is exposed in
the centre.} (10... exd5 $5 11. Bc3 O-O 12. e3 Nc6 13. Nd4 Qg5 14. Nf3 Qd8 {
[%csl Gd5]} 15. Be2 Bf5 16. O-O Be4 $132) 11. Bc3 Qf5 (11... Qxd1+ 12. Rxd1 f6
13. g3 Nc6 14. Bg2 Bd7 15. Na5 $14) 12. Nd4 (12. e3 {[%cal Gf1d3]} Qg6 13. Na5
O-O 14. Qf3 $16) 12... Qg6 13. h4 (13. e3 $5 $14) 13... e5 14. Nf3 Nc6 15. h5
Qf6 16. e3 $13 {Holm,S (2375)-Sznapik,A (2425) Oslo 1983 (1-0, 37)}) 9. Nf3 {
[%csl Ge5]} ({With the black bishop on f8,} 9. Nxd5 Qxd5 10. Qc2 Nd7 {is fine
for Black, for if} 11. Nf5 Nf6) 9... Nxc3 {This will prove enough for
equalising even though it may seem to be a slight concession.} ({Maintaining
the tension with} 9... Nc6 {was entirely possible, too:} 10. e4 Nf6 11. Bc4 Bc5
{White has an extra tempo (Bc1-d2) and the right to move in a symmetrical
position. But the bishop is not too effective on d2, so the position is close
to complete equality.}) 10. Bxc3 Qxd1+ 11. Rxd1 f6 $1 {The key to the exchange
on c3. The black central pawn chain restricts the enemy bishop and knight,
neutralising White's initiative. The only thing left for White is playing for
the light squares.} (11... e4 $2 12. Nd2 {offers White too much play.} f5 (
12... e3 13. fxe3 b5 14. g3 Bb7 15. Rg1 Nd7 16. Bh3) 13. g4 e3 14. fxe3 fxg4
15. Nc4 Nc6 16. Nb6 Rb8 17. Nxc8 Rxc8 18. h3 gxh3 19. Bxh3 Rd8 20. Bf5 Rxd1+
21. Kxd1 h6 22. Kc2 $16 {[%csl Rb7,Gc3,Gf5,Rg7]}) 12. e3 Be6 13. Nd2 Nc6 14.
Bc4 Kf7 $1 {In this case it surely is better to keep the tension.} ({If} 14...
Bxc4 15. Nxc4 Rd8 16. Ke2 Be7 17. g4 {White has some chances for a more
pleasant ending, since} h5 {can be met with} 18. g5 {due to the hanging
e5-pawn. In the game, the king will reach e6 soon, avoiding this possibility.})
15. Ke2 Rd8 {[%cal Gd8d2] Forcing White to release the tension himself and
activate the black king.} 16. Bxe6+ Kxe6 17. Nc4 Be7 18. Rxd8 Rxd8 19. Rc1 (19.
g4 h5 $5 {[%csl Ge5]}) 19... f5 {With his king active, Black even starts
displaying some ambition.} 20. f3 h5 21. h3 g6 {The safest way of arranging
the pawns.} (21... g5 22. g4 {would create a potential weakness on g5, which
could prove important in an ending with bishops of the same colour.}) 22. Na5
Nxa5 23. Bxa5 Rd5 {I guess that by now both players were aware of the fact
that they were just marking time until move 30 in order to be allowed to offer
a draw.} 24. Be1 Rc5 25. Rxc5 Bxc5 26. Kd3 Kd5 27. e4+ fxe4+ 28. fxe4+ Kc6 29.
Bc3 Bd6 30. a4 b5 31. b3 1/2-1/2